000 00564nam a2200169Ia 4500
008 151213s9999 xx 000 0 und d
020 _a0-471-69757-5
100 _aDavid S. Kidwell, David W. Blackwell & David A. Whidbee
245 _aFinancial Institutions Markets and Many
_cDavid S. Kidwell, David W. Blackwell & David A. Whidbee
250 _a9th
260 _aU S A
_bJohn Willy & Sons , Lne
_c2006
300 _a9264 p.
650 _aFinance
650 _aFinance
700 _aDavid S. Kidwell, David W. Blackwell & David A. Whidbee
999 _c4730
_d4730